চাহার দরবেশ / (Record no. 52951)
[ view plain ]
| 000 -LEADER | |
|---|---|
| fixed length control field | 01031nam a2200241 a 4500 |
| 001 - CONTROL NUMBER | |
| control field | 52951 |
| 003 - CONTROL NUMBER IDENTIFIER | |
| rucl marc code | BD-RjUL |
| 005 - DATE AND TIME OF LATEST TRANSACTION | |
| control field | 20211209075903.0 |
| 008 - FIXED-LENGTH DATA ELEMENTS--GENERAL INFORMATION | |
| fixed length control field | 161001s1964 bg ||||| |||| 00| 0 ben d |
| 035 ## - SYSTEM CONTROL NUMBER | |
| System control number | (BD-RjUL)53071 |
| 040 ## - CATALOGING SOURCE | |
| Original cataloging agency | BD-RjUL |
| Language of cataloging | ben |
| Transcribing agency | BD-RjUL |
| Modifying agency | BD-RjUL |
| 041 ## - LANGUAGE CODE | |
| Language code of text/sound track or separate title | ben |
| 082 ## - DEWEY DECIMAL CLASSIFICATION NUMBER | |
| Edition number | 23 |
| Classification number | 891.444 |
| Author mark and year | AMC 1964 |
| 100 ## - MAIN ENTRY--PERSONAL NAME | |
| Personal name | আম্মান, মীর |
| 9 (RLIN) | 158305 |
| 245 10 - TITLE STATEMENT | |
| Title | চাহার দরবেশ / |
| Statement of responsibility, etc. | মীর আম্মান ও পবিত্র গঙ্গাঁপাধ্যায় |
| 260 ## - PUBLICATION, DISTRIBUTION, ETC. (IMPRINT) | |
| Place of publication, distribution, etc. | কলিকাতা : |
| Name of publisher, distributor, etc. | বিদ্যাদঘ লাইব্রেরী প্রাইভেট লিমিটেড, |
| Date of publication, distribution, etc. | ১৯৬৪. |
| 300 ## - PHYSICAL DESCRIPTION | |
| Pagination | [৪], ১০৯ পৃ. ; |
| Size | ২৩ সেমি. |
| 500 ## - GENERAL NOTE | |
| General note | ফার্সি থেকে বাংলাই অনূদিত |
| 650 ## - SUBJECT ADDED ENTRY--TOPICAL TERM | |
| Topical term or geographic name as entry element | বাংলা প্রবন্ধ |
| 9 (RLIN) | 158306 |
| Topical term or geographic name as entry element | Bengali Essays |
| 9 (RLIN) | 158307 |
| 700 ## - ADDED ENTRY--PERSONAL NAME | |
| Personal name | গঙ্গাঁপাধ্যায়, পবিত্র |
| 942 ## - ADDED ENTRY ELEMENTS (KOHA) | |
| Source of classification or shelving scheme | Dewey Decimal Classification |
| Koha item type | Books |
| Lost status | Source of classification or shelving scheme | Damaged status | Not for loan | Collection code | Permanent Location | Current Location | Shelving location | Date acquired | Source of acquisition | Cost, normal purchase price | Total Checkouts | Full call number | Date last seen | Copy number | Koha item type |
|---|---|---|---|---|---|---|---|---|---|---|---|---|---|---|---|
| Dewey Decimal Classification | Non-fiction | Central Library, University of Rajshahi | Central Library, University of Rajshahi | 16/10/1979 | India internation calcutla | 7.00 | B 891.444 AMC 1964 | 01/10/2016 | C-2 | Books |